000 00563nam a2200241Ia 4500
005 20260306150658.0
008 008 260114s9999 xx 000 0 eng d
020 _a9789814951524
037 _aEbook
040 _aCRL
040 _beng
040 _cCRL
041 _2eng
041 _aeng
084 _qCRL
245 4 _aThe Creative South
260 _bISEAS Publishing
260 _c2022
650 _aTheology and Religion
_91123750
856 _uhttps://www.degruyter.com/isbn/9789814951524
942 _cEBOOK
999 _c1698726
_d1698726